okinaw international school (رقم التسجيلة. 150185)

تفاصيل مارك
000 -LEADER
fixed length control field 01164cas a2200337 a 4500
005 - DATE AND TIME OF LATEST TRANSACTION
control field 20240211191814.0
008 - FIXED-LENGTH DATA ELEMENTS--GENERAL INFORMATION
fixed length control field 980810c19979999ja ar p 0 0jpn
010 ## - LIBRARY OF CONGRESS CONTROL NUMBER
LC control number 00207843
035 ## - SYSTEM CONTROL NUMBER
System control number (OCoLC)ocm43793331
040 ## - CATALOGING SOURCE
Original cataloging agency DLC
Language of cataloging eng
Transcribing agency DLC
Modifying agency OCLCQ
-- OCLCF
-- OCLCO
-- OCLCQ
041 0# - LANGUAGE CODE
Language code of text/sound track or separate title jpn
-- eng
042 ## - AUTHENTICATION CODE
Authentication code pcc
043 ## - GEOGRAPHIC AREA CODE
Geographic area code a-ja---
092 04 - LOCALLY ASSIGNED DEWEY CALL NUMBER (OCLC)
Classification number 306.95205
Item number G733
Edition number 21
099 ## - LOCAL FREE-TEXT CALL NUMBER (OCLC)
Classification number 04
-- 306.95205 G733
222 #0 - KEY TITLE
Key title graduate school of okinawa international university =
Qualifying information 沖縄国際大学大学院
245 00 - TITLE STATEMENT
Title okinaw international school
246 31 - VARYING FORM OF TITLE
Title proper/short title graduate school of regional culture
260 ## - PUBLICATION, DISTRIBUTION, ETC.
Linkage 880-03
Place of publication, distribution, etc. Okinawa-ken Ginowan-shi :
Name of publisher, distributor, etc. Okinawa Kokusai Daigaku Sogo Gakujutsu Gakkai
300 ## - PHYSICAL DESCRIPTION
Extent v. :
Other physical details ill. ;
Dimensions 30 cm.
310 ## - CURRENT PUBLICATION FREQUENCY
Current publication frequency Annual
500 ## - GENERAL NOTE
General note graduate school of regional culture.
546 ## - LANGUAGE NOTE
Language note Chiefly in Japanese; some also in English.
650 #0 - SUBJECT ADDED ENTRY--TOPICAL TERM
Topical term or geographic name entry element culture
Geographic subdivision Japan
Form subdivision Periodicals.
650 #0 - SUBJECT ADDED ENTRY--TOPICAL TERM
Topical term or geographic name entry element japan
Form subdivision Periodicals.
710 2# - ADDED ENTRY--CORPORATE NAME
Corporate name or jurisdiction name as entry element agraduate school of regional culture.
905 ## - LOCAL DATA ELEMENT E, LDE (RLIN)
Cataloger SOZAN
Reviser Cat.
905 ## - LOCAL DATA ELEMENT E, LDE (RLIN)
Reviser Rev.
942 ## - ADDED ENTRY ELEMENTS (KOHA)
Source of classification or shelving scheme Dewey Decimal Classification
Koha item type Books
المقتنيات
Source of classification or shelving scheme Not for loan Home library Current library Date acquired Full call number Date last seen Koha item type
Dewey Decimal Classification   المكتبة المركزبة الجديدة - جامعة القاهرة قاعة الثقاقات الاجنبية - الدور الثالث 11.02.2024 306.95205 G733 23.09.2023 Continuing Resources
Cairo University Libraries Portal Implemented & Customized by: Eng. M. Mohamady Contacts: new-lib@cl.cu.edu.eg | cnul@cl.cu.edu.eg
CUCL logo CNUL logo
© All rights reserved — Cairo University Libraries
CUCL logo
Implemented & Customized by: Eng. M. Mohamady Contact: new-lib@cl.cu.edu.eg © All rights reserved — New Central Library
CNUL logo
Implemented & Customized by: Eng. M. Mohamady Contact: cnul@cl.cu.edu.eg © All rights reserved — Cairo National University Library